000 00434nam a2200193Ia 4500
005 20240823034005.0
008 240823s9999||||xx |||||||||||||| ||und||
020 _a978-81-264-3222-6
041 _aMALAYALAM
082 _A894.8123 Q1
100 _aSurendran P
245 0 _aBhoothanethram
250 _a1st
260 _c2011
_b"D C Books,Kot"
500 _aYES
650 _aStory
_bGeneral
942 _cBK
999 _c197151
_d197151